基督教伦理学 (Record no. 13305)
[ view plain ]
| 000 -LEADER | |
|---|---|
| fixed length control field | 00872nam a2200265Ia 4500 |
| 003 - CONTROL NUMBER IDENTIFIER | |
| control field | OSt |
| 005 - DATE AND TIME OF LATEST TRANSACTION | |
| control field | 20210118173144.0 |
| 008 - FIXED-LENGTH DATA ELEMENTS--GENERAL INFORMATION | |
| fixed length control field | 200819s9999||||xx |||||||||||||| ||und|| |
| 020 ## - INTERNATIONAL STANDARD BOOK NUMBER | |
| International Standard Book Number | 7500414951 |
| 020 ## - INTERNATIONAL STANDARD BOOK NUMBER | |
| International Standard Book Number | 9787500414957 |
| 040 ## - CATALOGING SOURCE | |
| Transcribing agency | GETS |
| 041 ## - LANGUAGE CODE | |
| Language code of text/sound track or separate title | chi |
| Language code of original | eng |
| 050 ## - LIBRARY OF CONGRESS CALL NUMBER | |
| Classification number | BJ1251 |
| Item number | .K24712 1994 |
| 100 ## - MAIN ENTRY--PERSONAL NAME | |
| Personal name | Kammer, C.L. |
| 245 #0 - TITLE STATEMENT | |
| Title | 基督教伦理学 |
| Remainder of title | = Ethics and liberation : an introduction / |
| Statement of responsibility, etc. | 查尔斯.坎默 (C.L. Kammer) 著; 王苏平译 |
| 246 ## - VARYING FORM OF TITLE | |
| Title proper/short title | 基督教倫理學 |
| 260 ## - PUBLICATION, DISTRIBUTION, ETC. | |
| Place of publication, distribution, etc. | 北京 : |
| Name of publisher, distributor, etc. | 中国社会科学出版社, |
| Date of publication, distribution, etc. | 1994 |
| 300 ## - PHYSICAL DESCRIPTION | |
| Extent | 255 p. |
| Other physical details | ; |
| Dimensions | 20 cm. |
| 500 ## - GENERAL NOTE | |
| General note | Translation of: Ethics and liberation : an introduction / Charles L. Kammer III.; Maryknoll, N.Y. : Orbis Books, 1988. |
| 650 ## - SUBJECT ADDED ENTRY--TOPICAL TERM | |
| Topical term or geographic name entry element | Christian ethics. |
| 650 ## - SUBJECT ADDED ENTRY--TOPICAL TERM | |
| Topical term or geographic name entry element | Liberation theology. |
| 700 ## - ADDED ENTRY--PERSONAL NAME | |
| Personal name | 查尔斯.坎默 |
| 700 ## - ADDED ENTRY--PERSONAL NAME | |
| Personal name | 王苏平 |
| 942 ## - ADDED ENTRY ELEMENTS (KOHA) | |
| Koha item type | Chinese Book |
| Withdrawn status | Lost status | Source of classification or shelving scheme | Damaged status | Not for loan | Home library | Current library | Shelving location | Date acquired | Total Checkouts | Full call number | Barcode | Date last seen | Price effective from | Koha item type |
|---|---|---|---|---|---|---|---|---|---|---|---|---|---|---|
| Library of Congress Classification | GETS Theological Seminary Library | GETS Theological Seminary Library | General Stacks | 08/19/2020 | BJ1251 .K24712 1994 | 00003226 | 08/19/2020 | 08/19/2020 | Chinese Book |